| 000 | 00846cam a2200205 4500 | ||
|---|---|---|---|
| 001 | WB3802-12 | ||
| 008 | 020117n2002 000 0 eng u | ||
| 035 | _a(Sirsi) u116360 | ||
| 245 | _aLondon rents under pressure | ||
| 260 | _c2002 | ||
| 490 |
_aCB Hillier Parker Press Release _v 11 January 2002, (1) |
||
| 520 | _aResearch by CB Hillier Parker and Insignia Richard Ellis shows that, while office take-up in London showed signs of resilience in 4Q 2001, the market was still affected by the global slowdown with falling demand and increases in office space availability. | ||
| 590 | _aWB | ||
| 650 | _aLONDON | ||
| 650 | _aPROPERTY-COMMERCIAL PROPERTY-OFFICE PROPERTY-OFFICE PROPERTY MARKET | ||
| 650 | _aOFFICE RENTS | ||
| 650 | _aMARKET REPORTS | ||
| 690 | _aPROPERTY-COMMERCIAL PROPERTY-COMMERCIAL PROPERTY MARKET | ||
| 942 | _n0 | ||
| 999 |
_c69308 _d69308 |
||